000 01415cam a22003617a 4500
003 CHAP
005 20220329141430.0
008 971013s1982 es r 00010 esp d
010 _a68034
011 _a69006
020 _a8429110275
035 _a78480
040 _cCHAP
082 0 4 _a631.45
_bH8y
100 0 0 _aHudson, Norman W.
_956636
245 1 0 _aConservación del suelo
_bNorman W. Hudson
260 _aBarcelona :
_bReverte,
_c1982
300 _axvi, 335 p.
_b: ilus. ; gráfs.
590 _aBATCH-UPD
_b10
_c20130110
_lUCH01
_h2006
590 _aBATCH-UPD
_b10
_c20130410
_lUCH01
_h1326
590 _aBATCH-UPD
_b10
_c20130914
_lUCH01
_h1316
590 _aCONVERSION
_b10
_c20130109
_lUCH01
_h1337
650 1 4 _aErosión.
_937335
650 1 4 _aSuelos
_xConservación.
_9110283
901 _aBK
942 _cLIBRO
949 _a631.45 H8y
_bBC
_cLIBRO
_d33724000073292
_eLIBRO
_fc.4
_gI.136201
_h71940
_i78480
_si
_t24.23
949 _a631.45 H8y
_bBC
_cLIBRO
_d33724000562120
_eLIBRO
_gI.136198
_h71937
_i78480
_si
_t24.23
949 _a631.45 H8y
_bBC
_cLIBRO
_d33724000562146
_eLIBRO
_fc.3
_gI.136200
_h71939
_i78480
_si
_t24.23
949 _a631.45 H8y
_bBC
_cLIBRO
_d33724000918454
_eLIBRO
_fc.2
_gI.136199
_h71938
_i78480
_si
_t24.23
949 _a631.45 H8y
_bBC
_cLIBRO
_d33724002059371
_eLIBRO
_fc.6
_gI.c/e
_h109376
_i78480
_si
_t$600.00
949 _a631.45 H8y
_bBC
_cLIBRO
_d33724002064637
_eLIBRO
_fc.5
_gI.136202
_h71941
_i78480
_si
_t24.23
999 _c68034
_d68034